Prehistoric life : (Record no. 689)

MARC details
000 -LEADER
fixed length control field 02776cam a2200541 a 4500
005 - DATE AND TIME OF LATEST TRANSACTION
control field 20260322212030.0
008 - FIXED-LENGTH DATA ELEMENTS--GENERAL INFORMATION
fixed length control field data
010 ## - LIBRARY OF CONGRESS CONTROL NUMBER
LC control number 2010278841
020 ## - INTERNATIONAL STANDARD BOOK NUMBER
International Standard Book Number 9780756655730
020 ## - INTERNATIONAL STANDARD BOOK NUMBER
International Standard Book Number 0756655730
040 ## - CATALOGING SOURCE
Original cataloging agency NPL
Transcribing agency NPL
Modifying agency DLC
-- VP@
-- UPZ
-- ABG
-- QBX
-- DLC
042 ## - AUTHENTICATION CODE
Authentication code lccopycat
050 00 - LIBRARY OF CONGRESS CALL NUMBER
Classification number QE711.2
Item number .P74 2009
082 04 - DEWEY DECIMAL CLASSIFICATION NUMBER
Classification number 560
Edition information 22
092 ## - LOCALLY ASSIGNED DEWEY CALL NUMBER (OCLC)
Classification number 567.9 P74 2009
001 - CONTROL NUMBER
control field data
245 00 - TITLE STATEMENT
Title Prehistoric life :
Remainder of title [the definitive visual history of life on earth] /
Statement of responsibility, etc. edited by Douglas Palmer ... [et al.].
246 33 - VARYING FORM OF TITLE
Title proper/short title DK prehistoric life
246 3# - VARYING FORM OF TITLE
Title proper/short title Dorling Kindersley prehistoric life
250 ## - EDITION STATEMENT
Edition statement 1st American ed.
260 ## - PUBLICATION, DISTRIBUTION, ETC.
Place of publication, distribution, etc. New York, N.Y. :
Name of publisher, distributor, etc. DK Pub.,
Date of publication, distribution, etc. 2009.
300 ## - PHYSICAL DESCRIPTION
Extent 512 p. :
Other physical details ill. (chiefly col.), col. maps ;
Dimensions 31 cm.
500 ## - GENERAL NOTE
General note At head of title: DK.
500 ## - GENERAL NOTE
General note Subtitle from cover.
500 ## - GENERAL NOTE
General note Includes index.
505 0# - FORMATTED CONTENTS NOTE
Formatted contents note Young earth. Exploring earth's past ; The origin of the earth ; The first 500 million years ; Plate tectonics ; Changing climates ; Life and evolution ; Classification ; Mass extinctions ; Types of fossils ; Information in the fossil record ; Key fossil sites ; The geological timescale -- Life on earth. Archean ; Proterozoic ; Cambrian ; Ordovician ; Silurian ; Devonian ; Carboniferous ; Permian ; Triassic ; Jurassic ; Cretaceous ; Paleogene ; Neogene ; Quaternary -- The rise of the humans. Human relatives ; Human ancestors ; Origins of modern humans ; Out of Africa ; European hunter gatherers ; Paleolithic cave art ; After the ice.
520 ## - SUMMARY, ETC.
Summary, etc. With an extensive catalog at its heart, "Prehistoric Life" profiles hundreds of fascinating species in incredible detail; features breathtaking, state-of-the-art images; explores the concept of geological time; and explains the classification of species and how the evidence for their evolution is preserved and can be deciphered.
650 #0 - SUBJECT ADDED ENTRY--TOPICAL TERM
Topical term or geographic name entry element Fossils.
650 #0 - SUBJECT ADDED ENTRY--TOPICAL TERM
Topical term or geographic name entry element Fossils
Form subdivision Pictorial works.
650 #0 - SUBJECT ADDED ENTRY--TOPICAL TERM
Topical term or geographic name entry element Animals, Fossil.
650 #0 - SUBJECT ADDED ENTRY--TOPICAL TERM
Topical term or geographic name entry element Animals, Fossil
Form subdivision Pictorial works.
650 #0 - SUBJECT ADDED ENTRY--TOPICAL TERM
Topical term or geographic name entry element Plants, Fossil.
650 #0 - SUBJECT ADDED ENTRY--TOPICAL TERM
Topical term or geographic name entry element Plants, Fossil
Form subdivision Pictorial works.
650 #0 - SUBJECT ADDED ENTRY--TOPICAL TERM
Topical term or geographic name entry element Fossil hominids.
650 #0 - SUBJECT ADDED ENTRY--TOPICAL TERM
Topical term or geographic name entry element Fossil hominids
Form subdivision Pictorial works.
650 #0 - SUBJECT ADDED ENTRY--TOPICAL TERM
Topical term or geographic name entry element Paleobiology.
651 #0 - SUBJECT ADDED ENTRY--GEOGRAPHIC NAME
Geographic name Earth
General subdivision Origin.
651 #0 - SUBJECT ADDED ENTRY--GEOGRAPHIC NAME
Geographic name Earth
General subdivision Origin
Form subdivision Pictorial works.
700 1# - ADDED ENTRY--PERSONAL NAME
Personal name Palmer, Douglas.
700 1# - ADDED ENTRY--PERSONAL NAME
Personal name Lamb, Simon.
700 1# - ADDED ENTRY--PERSONAL NAME
Personal name Gavira Guerrero, Angeles.
700 1# - ADDED ENTRY--PERSONAL NAME
Personal name Frances, Peter.
710 2# - ADDED ENTRY--CORPORATE NAME
Corporate name or jurisdiction name as entry element DK Publishing, Inc.
856 42 - ELECTRONIC LOCATION AND ACCESS
Materials specified Publisher description
Uniform Resource Identifier <a href="http://www.loc.gov/catdir/enhancements/fy1101/2010278841-d.html">http://www.loc.gov/catdir/enhancements/fy1101/2010278841-d.html</a>
906 ## - LOCAL DATA ELEMENT F, LDF (RLIN)
a 7
b cbc
c copycat
d 2
e ncip
f 20
g y-gencatlg
925 0# -
-- acquire
-- 2 shelf copies
-- policy default
Holdings
Withdrawn status Lost status Damaged status Not for loan Home library Current library Shelving location Date acquired Total checkouts Full call number Barcode Date last seen Price effective from Koha item type
        Centerville Centerville General stacks 22/03/2026   560 22 BC0010706 22/03/2026 22/03/2026 Books